000 00682nas a2200241 4500
001 BR8703480
003 BR-BrBNA
005 20231205090700.0
007 ta
008 230509b bl.|||p| |||| 00| 00por d
040 _aBR-BrBNA
_bpor
_cBiblioteca Nacional de Agricultura
041 _a(Pt)
072 _aL73; L72
110 1 _aInstituto Estadual de Saude Animal, Belo Horizonte, MG (Brasil)
_96338
245 1 _aDoencas de suinos
650 _aSUÍNO
650 _aSARNA SARCOPTICA
650 _aVARIOLA
650 _aERISIPELA
773 0 _tIESACAO (Brazil)
_x
_g(Jun-Jul 1984), 4(23) p. 4
_wBR8703480
909 _a202311
_bLúcia
_c55
_dLúcia Elande
942 _2AGRIS
_n0
_cANA
999 _c120230
_d120230